000 01147cam a22002651i 4500
003 SA-RiAUC
005 20250217063613.0
008 250216s2000 le g 000 0 ara c
040 _aIQ-KaIHL
_bara
_cSA-RiAUC.
_erda
082 0 4 _a811.01009
_qSA-RiAUC
090 _a811.01
_bش ه ا
100 1 _aالشهاب محمود، محمود بن سلمان بن فهد،
_d644-725 هجري
_eمؤلف.
245 1 0 _aكتاب منازل الأحباب ومنازه الألباب /
_cتأليف شهاب الدين محمود بن سلمان الحلبي ؛ تحقيق محمد الديباجي.
246 3 0 _aمنازل الأحباب ومنازه الألباب
250 _aالطبعة الأولى.
264 1 _aبيروت :
_bدار صادر،
_c[2000]
300 _a442 صفحة ؛
_c24 سم
336 _aنص
_btxt
_2rdacontent
_3كتاب
337 _aبدون وسيط
_bn
_2rdamedia
338 _aمجلد
_bnc
_2rdacarrier
650 7 _aالشعر العربي الغزلي
_xتاريخ ونقد
_2aucsh
700 1 _aالديباجي، محمد،
_d1941-
_eمحقق.
942 _2ddc
_cBOOK
_n0
949 _aSA-JeALM
_d250216
_uosman123
_n1
999 _c5982
_d5982